000 00519nam a2200217Ia 4500
005 20251020182514.0
008 200515s9999 xx 000 0 und d
082 _a658.327/T21
100 _aOrtiz Herrera, Myriam Janet
100 _aTapia Rocha, José Luis
100 _aVidalón del Pino, Guillermo
260 _aLima
260 _bInstituto de Libre empresa
260 _c2006
300 _a223 p.
500 _a1 ejemplar
650 _aECONOMIA
650 _aEMPRESAS
942 _cLIB
999 _c1541
_d1541